000 01444nam a2200277 a 4500
001 26064
003 CO-ViMGA
008 141112s2004 ck r 000 u spa d
015 _aNNN
020 _a9788478843268
040 _aCO-ViMGA
_bspa
_cCO-ViMGA
041 _aspa
082 0 4 _a300.72 L381
245 1 0 _aLa investigación acción participativa inicios y desarrollos /
_cKurt Lewin...[et al.] ; edición a cargo de Maria Cristina Salazar Camacho
260 _aMadrid,
_cEspaña : Editorial Popular,
_c2009
300 _a194 p. 23 cm.
490 _aProa
504 _aIncluye referencias bibliográficas (p. 190 - 191).
505 _aLa investigación - acción y los problemas de las minorías. - - Antropología - acción. - - Cómo descolonizar las ciencias sociales. - - La ciencia y el pueblo : nuevas reflexiones. - - Campesinos y sociólogos : reflexiones sobre dos experiencias de investigación activa. - - Qué es la investigación - acción participativa. Perspectivas teóricas y metodológicas. - - Mejorando la educación mediante la investigación - acción. - - La situación actual y las perspectivas de la investigación - acción participativa en el mundo.
541 _54.000; 1 c.
596 _a2
650 1 4 _aInvestigación social
700 1 _aLewin, Kurt
_940685
926 _aB - GENERAL COL - GRAL - 4 300.72 L381 LIBRO 1
942 _2ddc
_cBK
999 _c33291
_d33291